01154nam a22002897i 4500003000900000005001700009007000300026008003200029020001800061040003000079082001900109100005600128245017500184250002300359264003800382300004600420336002700466337003300493338002800526500003500554500007300589650003300662650002700695700004600722700004400768710005200812DO-SdBNP20240910145827.0ta210902b 2018 dr 00| 0 eng d a9789945897852 aDO-SdBNPbspacBNPHUerda 4a341bA473d2221 aAybar Álvarez, Ambrosio,eautord1910-20044aut. 1 aDerecho internacional y derechos humanos :breflexiones de dos generaciones 1955-2016 /cAmbrosio Álvarez Aybar, Roberto Álvarez Gil ; prólogo Jean Michel Arrighi aPrimera edición  4aSanto Domingo : bUNPHU,c©2018. a333 páginas : bilustraciones ;c23 cm. ardacontentbtexto2txt ardamediabsin mediación2n 2rdacarrieravolumenbnc aIncluye índice onomástico  aIncluye referencias bibliográficas y notas al pie de las páginas 7aDerecho internacional 2LEMB 7aDerechos humanos2LEMB1 aÁlvarez Gil, Roberto,eprologuista4pr.1 aArrichi, Jean Michel,eprologuista4pr.2 aUniversidad Nacional Pedro Henríquez Ureña